000 01462nam0a2200265 4500
001 RU\NLR\ONL2\9230
005 20251211131946.0
035 _a(NLR Aleph) 009656819
090 _a13477815
_c13477815
100 _a20080410d1951 u y0rusy50 ca
101 0 _aaze
102 _aAZ
105 _ay |||||||||
200 1 _aАзәрбаjҹан ССР-ин памбыг әкән раjонларында колхозчулары вә совхоз фәhләләрин охутмагдан өтрү тәшкил олунмуш үчиллик агротехники курсларин биринҹи дәрс или үчүн нүмунәви програм
_e(әкинчилик эсаслары)
_fАзССР Памбыгчылыг наз-и. Кэнд тэсэр. тэблигаты идарэси
210 _aБакы
_cКэнд тэсэр. тэблигаты идарэси
_d1951
215 _a24 с.
_d20
300 _aБез. тит. л. Описано по обл.
541 1 _aПримерная программа для первого года обучения колхозников и рабочих совхозов на трехлетних агротехнических курсах хлопкосеющих районов Азербайджанской ССР
_zrus
801 0 _aRU
_bNLR
_c20080410
_gPSBO
852 _aNLR
_bОНЛ
_jАзерб./2-6079
942 _cBOOK
980 _aONL_RF
980 _aNB